Normal view
MARC view
Entry Personal Name
001 - CONTROL NUMBER
- control field: 230224
003 - CONTROL NUMBER IDENTIFIER
- control field: OSt
005 - DATE AND TIME OF LATEST TRANSACTION
- control field: 20250729165654.0
008 - FIXED-LENGTH DATA ELEMENTS
- fixed length control field: 250729|| aca||aabn | a|a d
040 ## - CATALOGING SOURCE
- Original cataloging agency: OSt
- Transcribing agency: OSt
100 ## - HEADING--PERSONAL NAME
- Personal name: NCERT
670 ## - SOURCE DATA FOUND
- Source citation: Work cat.: (OSt)238675: NCERT, Science Text Book For Class VI, 2006